| 000 | 00307nam a22001097a 4500 | ||
|---|---|---|---|
| 040 | _cSCME | ||
| 100 |
_aEtienne Paul, Yu Liu _9113238 |
||
| 245 | _aBiological sludge minimization and biomaterials/bioenergy recovery technologies | ||
| 260 |
_aNew Jersy _bWilley _c2012 |
||
| 300 | _a496p. | ||
| 942 |
_2ddc _cBK |
||
| 999 |
_c594990 _d594990 |
||